Statistics for Most Depressed Countries

Click here to take the quiz!

General Stats

  • This quiz has been taken 71 times
  • The average score is 10 of 30

Answer Stats

RankCountryDALY Score% Correct
1United States1454.74
95%
21Canada1157.07
74%
7Brazil1396.10
60%
15France1234.32
60%
5India1400.84
60%
6Pakistan1400.42
52%
10Afghanistan1385.14
45%
11Finland1344.13
45%
16Chile1221.23
40%
12Israel1273.92
39%
4Bangladesh1401.53
35%
23Peru1156.07
35%
14Belgium1244.46
32%
27Switzerland1114.11
27%
22Ecuador1156.30
26%
2Nepal1424.48
26%
17Guatemala1177.03
24%
9Bhutan1385.53
23%
24Croatia1141.79
23%
18Haiti1170.73
23%
19Bolivia1161.56
21%
13Slovenia1248.47
19%
8Maldives1391.61
18%
20Nicaragua1161.25
18%
28Turkmenistan1112.94
18%
29Tajikistan1112.45
16%
25Armenia1133.20
13%
26Azerbaijan1120.05
13%
30Kyrgyzstan1112.10
13%
3East Timor1404.10
10%

Score Distribution

Percentile by Number Answered

Percent of People with Each Score

Your Score History

You have not taken this quiz